000 00776nam a2200265 i 4500
001 bg
100 1 _aLEWANDOWSKI, Dariusz
245 1 0 _aAnaliza ryzyka walutowego /
_cDariusz Lewandowski.
250 _aWyd. 2.
260 _aWarszawa :
_b"Olympus" Centrum Edukacji i Rozwoju Biznesu,
_c1995.
300 _a166, [2] s. :
_brys., wykr. ;
_c21 cm.
490 1 _aPrzewodnik Finansowo-Bankowy
504 _aBibliogr. s. 165-166.
650 9 _aBanki
_xpolityka
650 9 _aRynek walutowy
650 9 _aRyzyko
_xfinanse
_xzagadnienia
830 _aPrzewodnik Finansowo-Bankowy
020 _a8386069112
040 _cBPK
041 0 _apl
080 _a336.71:336.76:339.73/.74
920 _a83-86069-11-2
942 _cKS
008 s pl f |000 0 pol
999 _c33376
_d33376
856 _uhttp://koha.tu.koszalin.pl/cgi-bin/koha/opac-detail.pl?biblionumber=33376
_yKatalog online BPK